GLOBAL FINANCIAL MARKETS (Record no. 14313)

MARC details
000 -LEADER
fixed length control field 00244nam a22001217a 4500
003 - CONTROL NUMBER IDENTIFIER
control field SGT
082 ## - DEWEY DECIMAL CLASSIFICATION NUMBER
Classification number GID
100 ## - MAIN ENTRY--PERSONAL NAME
Personal name GIDDY, IAN H.
245 ## - TITLE STATEMENT
Title GLOBAL FINANCIAL MARKETS
260 ## - PUBLICATION, DISTRIBUTION, ETC. (IMPRINT)
Place of publication, distribution, etc AITBS PUBLISHER
Year of Publication 2010
300 ## - PAGE DESCRIPTION
No. of Pages 583
942 ## - ADDED ENTRY ELEMENTS (KOHA)
Source of classification or shelving scheme Dewey Decimal Classification
Koha item type Books
Holdings
Withdrawn status Lost status Source of classification or shelving scheme Damaged status Not for loan Collection code Home library Current library Shelving location Date acquired Vendor Name Cost, normal purchase price SGTU Bill Number Total Checkouts Full call number Accession No. (Barcode) Date last seen Bill Date Koha item type
    Dewey Decimal Classification     COMMERCE MANAGEMENT SGT Science & Social Sciences Library SGT Science & Social Sciences Library Text Book 27/12/2017 KIRTI PRAKASHAN 395.00 SGTU IN1469   GID CM4028 27/12/2017   Books
    Dewey Decimal Classification     COMMERCE MANAGEMENT SGT Science & Social Sciences Library SGT Science & Social Sciences Library Text Book 27/12/2017 KIRTI PRAKASHAN 395.00 SGTU IN1469   GID CM4029 27/12/2017   Books
    Dewey Decimal Classification     COMMERCE MANAGEMENT SGT Science & Social Sciences Library SGT Science & Social Sciences Library Text Book 27/12/2017 KIRTI PRAKASHAN 395.00 SGTU IN1469   GID CM4030 27/12/2017   Books
    Dewey Decimal Classification     COMMERCE MANAGEMENT SGT Science & Social Sciences Library SGT Science & Social Sciences Library Text Book 27/12/2017 KIRTI PRAKASHAN 395.00 SGTU IN1469   GID CM4031 27/12/2017   Books
    Dewey Decimal Classification     COMMERCE MANAGEMENT SGT Science & Social Sciences Library SGT Science & Social Sciences Library Text Book 27/12/2017 KIRTI PRAKASHAN 395.00 SGTU IN1469   GID CM4032 27/12/2017   Books